JÁN EVANGELISTA PURKYNĚ. SEBRANÉ SPISY, sv. XII

Bibliographic Details
Main Author: Červeňanská, Ňuta, 1913-2006 (Author)
Format: Article
Language:Slovak

MARC

LEADER 00000nab a2200000ua 4500
001 vtls010742937
003 SK-MaSNL
005 20260304202900.0
008 250718s1974 xo |||||||||||||||||slo|
035 |a (urnnbn)urn:nbn:sk:snk:ar-a03ji5 
035 |a (uuid)020ba500-acf5-4b03-954a-3231751c22b0 
035 |a urn:nbn:sk:snk-ab5bea 
040 |a SNKBUCL  |b slo  |c SNKBUCL  |e AACR2 
041 0 |a slo 
044 |a xo  |c SK 
100 1 |a Červeňanská, Ňuta,  |d 1913-2006  |4 aut  |9 222145 
245 1 0 |a JÁN EVANGELISTA PURKYNĚ. SEBRANÉ SPISY, sv. XII  |c Ň. Červeňanská 
773 0 |t Bratislavské lekárske listy  |g Roč. 62, č. 5 (1974), s. 624-625 
850 |a Slovenská národná knižnica 
852 |a Slovenská národná knižnica 
954 |a odborná, vedecká literatúra pôvodná (slovenská)  |2 lita 
958 |a article3 
958 |a OND 
958 |a EUIPO 
999 |c 3106074  |d 3108004